000 00470nam a2200145Ia 4500
008 231217s9999 xx 000 0 und d
041 _aEnglish
082 _a621.38411 KUM;4
100 _aKumaraswamy, D Srinivas, M S Giridhar, K ed
245 0 _aAntenna and wave propagation : VII sem BE classes(TC&EC), as per VTU syllabus
260 _c2005
_bPooja
_aBangalore
300 _avii+263
650 _aAntenna,wave,propagation,:,VII,BE,classes(TC&EC),
942 _cAA
999 _c179924
_d179924